BÅLMUSKULATUREN - Statistics

General Stats
  • This quiz has been taken 8 times
  • The average score is 15 of 36
Answer Stats
Hint Answer % Correct
den hjälper till vid inandning / Höjer thorax
100%
Fäste Linea alba
100%
Fäste Linea alba / Crista iliaca
100%
6-pack m. rectus abdominis
100%
den tvära bålmuskeln m. transversus abdominis
100%
den hjälper till vid utandning / Sänker costa 9-12
100%
Ursprung crista iliaca / costa 7-12
67%
Fäste linea alba
67%
Denna muskelgrupp ursprungar i Processus Transversus och fäster i costa 1 och 2 mm. scaleni
67%
yttre snea bukmuskler m. obliquus externus abdominis
67%
Denna muskel ursprungar i processus spinosus och fäster i costa 9-12 m. serratus posterior inferior
67%
Denna muskel ursprungar i processus spinosus och fäster i costa 2-5 m. serratus posterior superior
67%
Denna muskle ursprungar i Manubrium Starni och Clavicula. Sedan fäster den på Processus Mastoideus m. Sternocleidomastoideus
67%
Funktion Utandning / drar ner costa 12
67%
Fäste Costa 12
33%
Ursprung Crista iliaca
33%
Vad har denna muskel för funtkion? höjer revbenen / inandning
33%
Den hjälper till vid ipsilateral rotation / extention
33%
Vad har denna muskel för funtkion? kontralateral rotation / bilateral sträckning
33%
Ursprung ländryggen / crista iliaca
33%
Innre sneda bukmusker m. obliquus internus abdominis
33%
Den fyrkantiga muskeln ;) m. quadratus lumborum
33%
Denna muskel ursprungar på processus spinosus och fäster i nacken m. splenius capitis / m. splenius cervicis
33%
Vad har denna muskel för funtkion? Sänter revbenen / Utandning
33%
Ursprung undersidan av costa 5-12
33%
Vad har denna muskel för funtkion? böjer bålen framåt
0%
Vad har denna muskel för funtkion? böjer bålen / Vrider bålen
0%
Funktion böjer bålen / Vrider bålen
0%
Denna muskel ursprungar i corpus vertebrae och fäster på insidan av costa 6-12 och sternum diaphragma
0%
Vad har denna muskel för funtkion? inandning / utandning / ändrar trycker i bukhålan
0%
Vars funktion är lateral flexion / ipsilateral flexion / extention / stabilisering
0%
Sedan finns det ågot som heter den parasinala systemet => m. etector spinae
0%
Denna muskel sitter mellan 2 revben, på utsidan m. intercostalis externus
0%
Denna muskel sitter mellan 2 revben, fast mer in mot mitten m. intercostalis internus
0%
Och den tvära muskulaturen som finns i ryggen heter m. transversospinales
0%
Vad har denna muskel för funtkion? Stadgar costa 1 och 2
0%
No matching quizzes found
Score Distribution
Percent of People with Each Score
Percentile by Number Answered
Your Score History
You have not taken this quiz